<?xml version="1.0" encoding="UTF-8"?>
<collection xmlns="http://www.loc.gov/MARC21/slim">
 <record>
  <leader>01760nam a2200385   4500</leader>
  <controlfield tag="001">000024018</controlfield>
  <controlfield tag="003">20497</controlfield>
  <controlfield tag="005">20160921090904.0</controlfield>
  <controlfield tag="008">160916s2012                        viesd</controlfield>
  <datafield tag="020" ind1=" " ind2=" ">
   <subfield code="c">42000</subfield>
  </datafield>
  <datafield tag="041" ind1="0" ind2=" ">
   <subfield code="a">vie</subfield>
  </datafield>
  <datafield tag="082" ind1="1" ind2="4">
   <subfield code="a">519.20711</subfield>
   <subfield code="b">PH-K</subfield>
  </datafield>
  <datafield tag="100" ind1="1" ind2=" ">
   <subfield code="a">Phạm Văn Kiều</subfield>
  </datafield>
  <datafield tag="245" ind1="1" ind2="0">
   <subfield code="a">Giáo trình xác suất và thống kê</subfield>
   <subfield code="b">Dùng cho sinh viên các ngành sinh học, nông - lâm - ngư nghiệp, kinh tế và quản lý kinh tế, tâm lý - giáo dục</subfield>
   <subfield code="c">Phạm Văn Kiều</subfield>
  </datafield>
  <datafield tag="250" ind1=" " ind2=" ">
   <subfield code="a">Tái bản lần thứ sáu</subfield>
  </datafield>
  <datafield tag="260" ind1=" " ind2=" ">
   <subfield code="a">H.</subfield>
   <subfield code="b">Giáo dục</subfield>
   <subfield code="c">2012</subfield>
  </datafield>
  <datafield tag="300" ind1=" " ind2=" ">
   <subfield code="a">251 tr.</subfield>
   <subfield code="b">hình vẽ, bảng</subfield>
   <subfield code="c">24 cm.</subfield>
  </datafield>
  <datafield tag="500" ind1=" " ind2=" ">
   <subfield code="a">Tài liệu tham khảo tr. 250</subfield>
  </datafield>
  <datafield tag="520" ind1="3" ind2=" ">
   <subfield code="a">Xác suất. Giải tích tổ hợp. Biến cố ngẫu nhiên và xác suất.Biến ngẫu nhiên và hàm phân phối. Luật số lớn và định lý giới hạn trung tâm. Thống kê toán học. Mẫu ngẫu nhiên, hàm phân phối mẫu và các số đặc trưng mẫu. Ước lượng tham số. Kiểm định giả thiết. Phân tích phương sai và phân tích hồi quy.</subfield>
  </datafield>
  <datafield tag="650" ind1="0" ind2="4">
   <subfield code="a">Xác suất</subfield>
   <subfield code="v">Giáo trình</subfield>
  </datafield>
  <datafield tag="650" ind1="0" ind2="4">
   <subfield code="a">Thống kê</subfield>
   <subfield code="v">Giáo trình</subfield>
  </datafield>
  <datafield tag="653" ind1=" " ind2=" ">
   <subfield code="a">Xác suất thống kê</subfield>
  </datafield>
  <datafield tag="653" ind1=" " ind2=" ">
   <subfield code="a">Toán cao cấp</subfield>
  </datafield>
  <datafield tag="653" ind1=" " ind2=" ">
   <subfield code="a">Xác suất</subfield>
  </datafield>
  <datafield tag="653" ind1=" " ind2=" ">
   <subfield code="a">Thống kê</subfield>
  </datafield>
  <datafield tag="OWN" ind1=" " ind2=" ">
   <subfield code="a">LSP</subfield>
  </datafield>
  <datafield tag="AVA" ind1=" " ind2=" ">
   <subfield code="a">UDN50</subfield>
   <subfield code="b">LSP</subfield>
   <subfield code="d">519.20711 PH-K</subfield>
   <subfield code="e">check_holdings</subfield>
   <subfield code="t">Error 5003 Not defined in file expand_doc_bib_avail.</subfield>
   <subfield code="h">N</subfield>
   <subfield code="k">1</subfield>
  </datafield>
  <datafield tag="999" ind1=" " ind2=" ">
   <subfield code="a">From the UDN01</subfield>
  </datafield>
  <datafield tag="AVA" ind1=" " ind2=" ">
   <subfield code="a">UDN50</subfield>
   <subfield code="b">LSP</subfield>
   <subfield code="d">519.20711 PH-K</subfield>
   <subfield code="e">available</subfield>
   <subfield code="t">Error 5001 Not defined in file expand_doc_bib_avail.</subfield>
   <subfield code="f">50</subfield>
   <subfield code="g">2</subfield>
   <subfield code="h">N</subfield>
   <subfield code="i">86</subfield>
   <subfield code="k">1</subfield>
  </datafield>
  <datafield tag="TYP" ind1=" " ind2=" ">
   <subfield code="a">Monograph</subfield>
  </datafield>
  <datafield tag="TYP" ind1=" " ind2=" ">
   <subfield code="a">Printed language</subfield>
  </datafield>
  <datafield tag="980" ind1=" " ind2=" ">
   <subfield code="a">Mạng thư viện Đại học Đà Nẵng</subfield>
  </datafield>
 </record>
</collection>
